000 01804nam1a2200325 4500
001 RU\NLR\BIBL_A\022817733
005 20260531093621.0
035 _a(NLR Aleph) 022817733
090 _a13715929
_c13715929
100 _a20260526d1951 km y0rusy50 ca
101 0 _arus
102 _aRU
105 _a i
181 0 _ai
_b xxe
182 0 _an
200 1 _aГидрологический ежегодник, 1947 г.
_e[результаты наблюдений]
_fГлавное управление гидрометеорологической службы при Совете Министров СССР
203 _aТекст
_bвизуальный
_cнепосредственный
210 _aЛенинград [Санкт-Петербург]
_cГидрометеоиздат
_d1951
215 _d34
311 _aПредыдущий ежегодник за 1946 г.: экз. РНБ см. шифр Гн10 Г-9/2(1946)
488 0 _1001rc\4099594
_98480668
_cЛенинград [Санкт-Петербург]
_d1951
_fГлавное управление гидрометеорологической службы при Совете Министров СССР
_nГидрометеоиздат
_o[результаты наблюдений]
_tГидрологический ежегодник, 1946 г.
606 1 _aГидрологические наблюдения
_jЕжегодники
_91281631
_3RU\NLR\AUTH\66210889
686 1 _aД22в610я43
712 0 1 _4570
_aСССР
_bГлавное управление гидрометеорологической службы
_9597583
_3RU\NLR\AUTH\8810048752
852 _aNLR
_jГн10 Г-9/2(1947)
852 _aNLR
_jГн10 Г-9/6(1947)
942 _cBOOK
980 _aNB